Missing Word: Movie Bills Quiz Stats

Quiz Updated Jan 11, 2016

Challenge
Share
Tweet
Embed
Score 0/30 Timer 04:00
0 Plays Today
Hint Word % Correct
Bill PullmanDay
98.7%
Bill PullmanSeattle
98.3%
Bill PullmanWhile
96.6%
Bill HaderMeatballs
95.6%
Bill PullmanLake
93.3%
Bill MurrayGroundhog
92.8%
Billy ZaneFuture
89.4%
Billy ZaneFemme
87.2%
Bill MurrayTranslation
86.4%
Bill HaderPilgrim
78.7%
Bill HaderForgetting
78.3%
Billy Bob ThorntonProposal
78.2%
Bill NighyActually
75.3%
Billy Bob ThorntonBlade
75%
Billy ZaneWater
74.9%
Hint Word % Correct
Bill NighyMarigold
71%
Bill MurrayAquatic
70.8%
Bill HaderTropic
70.2%
Bill NighyHot
67.3%
Billy Bob ThorntonColors
66.6%
Bill HaderOut
65.8%
Billy Bob ThorntonMonster's
59.2%
Billy ZaneDead
57%
Bill MurrayKingdom
51.2%
Billy Bob ThorntonPrincess
49.4%
Bill NighyTitans
44.5%
Bill MurrayCradle
34.2%
Billy ZaneMemphis
32.8%
Bill NighyCastle
11.4%
Bill PullmanEnd
11.2%

Today's Daily Dose

Missing Word
Fruity Song Titles

Quick Pick
Double Blanks

On This Day
June 22nd II

You're not logged in!

Compare scores with friends on all Sporcle quizzes.
Join for Free
OR
Log In

You Might Also Like...

Show Comments

Extras

Top Quizzes Today


Score Distribution

Your Account Isn't Verified!

In order to create a playlist on Sporcle, you need to verify the email address you used during registration. Go to your Sporcle Settings to finish the process.

Report this User

Report this user for behavior that violates our Community Guidelines.

Details: